00575nam a22002057a 450000500170000001000130001702000100003003500130004003700160005304000120006908200190008110000170010024500460011726000440016327000520020730000240025950000500028365000150033365000210034820170124105950.0 aA-100924 c00.00 aA-100924 bCen Lib/Ret aDPLbEN a331.50954bKAM aKamble, N.D. aBonded labour in india /cby N.D. Kamble  aNew DelhibUppal Publishing Hose c1982 a3, Ansari Road, Dariya Ganj bNew Delhie110002 axvi, 163pc19cm(Hb) aIncludes bibliographical references and index aEconomics  aLobours zIndia